| Tag |
First Indicator |
Second Indicator |
Subfields |
| LEADER |
00000pam a2200000 a 4500 |
| 001 |
in00000088254 |
| 005 |
20151008063114.0 |
| 008 |
811119s1982 nyua 00110 eng |
| 010 |
|
|
|a 81019859
|
| 020 |
|
|
|a 0471089923
|
| 035 |
|
|
|a (OCoLC)07998750
|
| 035 |
|
|
|9 AAK1589AM
|
| 039 |
0 |
|
|a 2
|b 3
|c 3
|d 3
|e 3
|
| 040 |
|
|
|a DLC
|c DLC
|d TXA
|d UtOrBLW
|
| 049 |
|
|
|a TXAM
|c [985663]
|
| 050 |
0 |
0 |
|a HF5679
|b P42 1982
|
| 082 |
0 |
|
|a 001.64/024657
|2 19
|
| 100 |
1 |
|
|a Perry, William E.
|
| 245 |
1 |
4 |
|a The accountant's guide to computer systems /
|c William E. Perry.
|
| 264 |
|
1 |
|a New York :
|b Wiley,
|c [1982]
|
| 264 |
|
4 |
|c ©1982
|
| 300 |
|
|
|a xi, 286 pages :
|b illustrations ;
|c 24 cm.
|
| 336 |
|
|
|a text
|b txt
|2 rdacontent
|
| 337 |
|
|
|a unmediated
|b n
|2 rdamedia
|
| 338 |
|
|
|a volume
|b nc
|2 rdacarrier
|
| 490 |
1 |
|
|a Modern accounting perspectives and practice
|
| 500 |
|
|
|a "A Ronald Press publication."
|
| 500 |
|
|
|a Includes index.
|
| 650 |
|
0 |
|a Accounting
|x Data processing.
|
| 830 |
|
0 |
|a Modern accounting perspectives and practices series.
|
| 999 |
|
|
|a MARS
|
| 999 |
f |
f |
|s 81306712-0f32-3419-845f-f9b1ced12ded
|i 2a6bda57-2930-36aa-9ff3-360cd9881ca1
|t 0
|
| 952 |
f |
f |
|p ric
|a Texas A&M University
|b Rellis Campus
|c Joint Library Facility
|d Remote Storage
|t 0
|e HF5679 P42 1982
|h Library of Congress classification
|i unmediated -- volume
|m A14805975257
|
| 998 |
f |
f |
|a HF5679 P42 1982
|t 0
|l Remote Storage
|